| 000 | 00603nam a2200217Ia 4500 | ||
|---|---|---|---|
| 008 | 180523s9999 xx 000 0 und d | ||
| 020 | _a81-7141-411-7 | ||
| 050 | _aMAIN P 129 | ||
| 050 | _b.M85 2003 | ||
| 100 | _aMukalel, Jospeh C. | ||
| 245 | 0 | _aLinguistics for the teacher / | |
| 245 | 0 | _cJoseph C. Mukael. | |
| 260 | _aNew Delhi : | ||
| 260 | _bDiscovery Pub. House., | ||
| 260 | _c1998 | ||
| 300 | _a234 pages : | ||
| 300 | _c21 cm. | ||
| 500 | _aIncludes bibliographical references and index. | ||
| 650 | _aApplied linguistics. | ||
| 650 | _xEnglish language -- Study and teaching. | ||
| 999 |
_c357338 _d357338 |
||